Cyclisme : Les 57 pays représentés aux championnat du monde 2025 - Statistiques

Statistiques générales
  • Ce quiz a été pris 63 fois
  • Le résultat moyen est 35 sur 57
Statistiques - réponses
Nombre de Coureurs Pays représentés % Correct
8 France
100%
8 Italie
100%
9 Belgique
98%
8 Espagne
98%
4 Portugal
97%
8 Royaume-Uni
97%
5 Etats-Unis
95%
9 Slovénie
95%
2 Canada
93%
5 Suisse
93%
8 Australie
90%
1 Japon
90%
4 Allemagne
88%
5 Irlande
88%
1 Chine
86%
3 Mexique
86%
1 Slovaquie
86%
6 Pays-Bas
84%
1 Athlete neutre (Russie)
83%
4 Colombie
83%
1 Bresil
81%
8 Danemark
81%
4 Lettonie
79%
4 Norvège
78%
1 Afrique du Sud
76%
1 Estonie
76%
1 Ukraine
74%
6 Erythree
71%
1 Grèce
71%
2 Republique Tcheque
71%
3 Equateur
69%
1 Hongrie
69%
1 Turquie
67%
6 Rwanda
66%
1 Serbie
64%
1 Roumanie
60%
1 Venezuela
60%
1 Algérie
59%
1 Israel
57%
1 Kenya
41%
1 Monaco
38%
1 Panama
34%
1 Costa Rica
33%
1 Guatemala
31%
1 Mongolie
29%
1 Sénégal
29%
2 Mali
26%
1 Thailande
26%
1 Maurice
19%
1 Belize
17%
1 Ouzbekistan
17%
1 Ouganda
16%
1 Réfugiés (Syrie)
10%
1 Grenade
5%
1 Guyana
5%
2 Sao Tomé et Principe
5%
1 Sierra Leone
3%
Aucun quiz correspondant
Distribution des résultats
% des personnes avec chaque résultat
Percentile par nombre de réponses
Votre historique - résultats
Vous n’avez pas pris ce quiz